Poor-quality cost / (Record no. 343323)

000 -LEADER
fixed length control field 00680 a2200217 4500
020 ## - INTERNATIONAL STANDARD BOOK NUMBER
International Standard Book Number 0824777433
020 ## - INTERNATIONAL STANDARD BOOK NUMBER
International Standard Book Number 9780824777432
082 04 - DEWEY DECIMAL CLASSIFICATION NUMBER
Classification number 658.562
090 ## - LOCALLY ASSIGNED LC-TYPE CALL NUMBER (OCLC); LOCAL CALL NUMBER (RLIN)
-- 775
-- 775
100 1# - MAIN ENTRY--PERSONAL NAME
Personal name Harrington.
245 10 - TITLE STATEMENT
Title Poor-quality cost /
Statement of responsibility, etc. Harrington.
250 ## - EDITION STATEMENT
Edition statement 1st ed.
260 ## - PUBLICATION, DISTRIBUTION, ETC.
Place of publication, distribution, etc. [S.l.] :
Name of publisher, distributor, etc. CRC Press,
Date of publication, distribution, etc. 1987.
300 ## - PHYSICAL DESCRIPTION
Extent 224 p. ;
Dimensions 23 cm.
490 1# - SERIES STATEMENT
Series statement Quality and reliability.
500 ## - GENERAL NOTE
General note Hardcover.
830 #0 - SERIES ADDED ENTRY--UNIFORM TITLE
Uniform title Quality and reliability.
856 40 - ELECTRONIC LOCATION AND ACCESS
Materials specified Amazon.com
Uniform Resource Identifier <a href="http://www.amazon.com/exec/obidos/ASIN/0824777433/chopaconline-20">http://www.amazon.com/exec/obidos/ASIN/0824777433/chopaconline-20</a>
856 40 - ELECTRONIC LOCATION AND ACCESS
Materials specified Amazon customer reviews
Uniform Resource Identifier <a href="http://www.chopac.org/cgi-bin/tools/azrev.pl?q=0824777433">http://www.chopac.org/cgi-bin/tools/azrev.pl?q=0824777433</a>
942 ## - ADDED ENTRY ELEMENTS (KOHA)
Institution code [OBSOLETE] NBS
Koha item type Book
Call number prefix 658.562 HAR
Holdings
Withdrawn status Lost status Damaged status Not for loan Permanent Location Current Location Date acquired Total Checkouts Full call number Barcode Date last seen Price effective from Koha item type
        Central Library (CL) Central Library (CL) 08/28/2013   658.562 HAR NBS3629 08/28/2013 08/28/2013 Book
© 2023 Central Library, National University of Sciences and Technology. All Rights Reserved.